| 000 | 00792nac a22002291u 4500 | ||
|---|---|---|---|
| 010 | _a 76045467 | ||
| 020 | _a0070017514 : | ||
| 082 | 0 | 0 |
_a697.78 _bAND |
| 090 |
_c6532 _d6532 |
||
| 100 | _aAnderson, Bruce, | ||
| 245 | 1 | 0 |
_aSolar energy : _bfundamentals in building design / _cBruce Anderson. |
| 260 |
_aNew York : _bMcGraw-Hill,1977 _cc1977. |
||
| 300 |
_aix, 374 p. : _bill. ; _c25 cm. |
||
| 500 | _aIncludes index. | ||
| 500 | _adistributer: Al-Ahram | ||
| 504 | _aBibliography: p. [359]-370. | ||
| 511 | _acatalogued by: wessam | ||
| 650 | 0 | _aSolar heating. | |
| 650 | 0 | _aArchitecture and solar radiation. | |
| 942 |
_cBB _k697.78AND |
||
| 999 |
_c6532 _d6532 |
||